000 00554cas a22002055a 4500
001 L138076
008 070515c1996xxkqr p 0 a0eng u
035 _a(Sirsi) u138076
041 0 _aeng
110 2 _aRoyal Institution of Charterd Surveyors
_bLincolnshire and South Humberside Branch
_95195
240 _aBranch News
245 0 0 _aBranch Newsletter
260 _aS.l.
_bRICS
_c[198?]-
362 0 _aAugust 1990-January 1996
554 _aQuarterly
651 4 _aSOUTH HUMBERSIDE
651 4 _aLINCOLNSHIRE
785 0 0 _tLion Lincs
942 _n0
999 _c118947
_d118947